000 00503nam a2200169 a 4500
001 22576
005 20180713220508.0
008 140415s1987 000 0 spa d
020 _a0582746213
041 _aspa
082 _a428.07
_bKEN
100 1 _aKENWORTHY, JOANNE
245 1 0 _aTEACHING ENGLISH PRONUNCIATION
260 _a[s.l.] :
_bLONGMAN GROUP,
_c1987
300 _a164
650 1 4 _aINGLES LENGUAJE
_xESTUDIO Y ENSEANZA
_xINGLES LENGUAJE
_xPRONUNCIACION
_xESTUDIO Y ENSEANZA
999 _c22576
_d22576